00383nam a2200181Ia 4500003000400000005001700004006001900021007000300040008004100043024001000084037001200094040002000106041001300126082001300139100002400152245001600176260000900192OSt20220928144130.0a|||||r|||| 00| 0 ta220927b |||||||| |||| 00| 0 eng d a24421 cTextual aSDCLcSDCLbeng 2engaeng aQ11x, M5 aRao S K Ramachandra 0aSri- sukta. c1985